Insane Demons by Letter - Z - Statistics

General Stats
  • This quiz has been taken 8 times
  • The average score is 4 of 7
Answer Stats
Hint Answer % Correct
Zen ZenthicAlpha
86%
zir zirokabi
86%
Zeu Zeus
71%
Zon Zone X
71%
zut zuttomae
57%
Zac Zacarius
29%
Zap Zaphes Back Yard
29%
No matching quizzes found
Score Distribution
Percent of People with Each Score
Percentile by Number Answered
Your Score History
You have not taken this quiz